Unités de mesure - Statistiques

Statistiques générales
  • Ce quiz a été pris 45 fois
    38 depuis la dernière actualisation
  • Le résultat moyen est 20 sur 36
Statistiques - réponses
Catégories Indices Réponses % Correct
Unité de mesure de l'intensité du courant électrique, c'est-à-dire un déplacement de charges électriques (symbole A). Ampère
96%
Unité de masse (kg). Kilogramme
96%
Système international Unité de longueur (m). Mètre
96%
Unité de temps (s). Seconde
96%
Du l'autre nom du physicien britannique William Thomson, c'est l'unité de température thermodynamique (symbole K). Dans cette échelle de température, le zéro correspond au zéro absolu (-273,15°C). Kelvin
89%
Unités dérivées du SI Unité de surface valant la surface d'un carré de 100 mètres de longueur sur 100 mètres de largeur. Il vaut 10 000 m². Hectare
79%
Unité de mesure de travail, d'énergie et de quantité de chaleur (J). Joule
79%
Unité qui décrit la tension électrique. Son nom vient de l'inventeur de la pile (V). Volt
79%
Unité de mesure de puissance (symbole W) équivalant à un travail de un joule par seconde. Watt
79%
Quantité d'énergie produite ou consommée par un système d'une puissance d'un kW pendant une heure. Kilowatt-heure
75%
Unité de mesure de longueur très ancienne, de valeur variable, d'une longueur d'environ 1 609 mètres. Mile
75%
Unité de mesure de contrainte ou de pression égale à l'unité précédente par mètre carré (Pa). Pascal
75%
Unité du flux lumineux (lm). Lumen
71%
Unité de mesure de la force (N). Le poids, qui est une force, doit être exprimé dans cette unité, et pas en kilogrammes, qui est réservé à la masse. Newton
71%
C’est l’unité de fréquence. Elle porte le nom d'un physicien allemand prénommé Heinrich Rudolf, découvreur des ondes qui portent son nom. Hertz
68%
Manière de compter les atomes et molécules utilisée par les chimistes et les physiciens. Elle représente un nombre (toujours le même) d'atomes ou de molécules identiques. Elle représente environ 6.02 x 10²³. Mole
68%
Unité de la résistance électrique (Ω). Du nom du physicien allemand prénommé Georg qui a découvert la loi qui porte son nom. Ohm
68%
100 m². Are
61%
Unité de longueur correspondant à la longueur approximative d'un pied humain, c'est-à-dire un peu plus de trente centimètres : 30,48 cm. Pied en français. Foot
57%
Unité de l'activité radioactive (Bq). Becquerel
54%
Unités anglo-saxonnes Unité de longueur datant du Moyen Âge. Il vaut 2,54 cm. Pouce en français. Inch
54%
Unité du champ magnétique (T). Tesla
54%
Du mot latin qui signifie « chandelle », c'est l'une des sept unités de base du Système international. Elle sert à mesurer l'intensité lumineuse ou éclat perçu par l'œil humain d'une source lumineuse. Elle a remplacé l'ancienne unité d'intensité lumineuse, la bougie. Candela
43%
Unité de charge électrique et de quantité d'électricité (C). Coulomb
43%
Unité de la capacité électrique (F), du nom du physicien prénommé Michael. Farad
43%
Unité de masse (lb). Celle anglaise vaut exactement 453,59 g. 154 lb = 70 kg. Livre
39%
Autres Unité de masse valant cent kilogrammes (symbole q). Quintal
36%
Unité de la conductance électrique (S), ainsi nommée en hommage à l’inventeur et industriel allemand prénommé Werner et qui a fondé en 1847 la société allemande du même nom. Siemens
29%
Unité de mesure de la température, proposée par le physicien allemand prénommé Daniel Gabriel en 1724 (°F). °C en °F : C*2+32, 0°C = 32°F. Fahrenheit
25%
Unité de longueur, de définition très variable, utilisée autrefois en Europe et en Amérique. Le mot est encore utilisé aujourd'hui. Celle métrique française vaut 4 km. Lieue
25%
Unité de masse dont la valeur est comprise entre 25 et 34 grammes (oz) et qui compose l'unité précédente. Elle est encore utilisée dans certains pays comme unité de mesure principale et est en général couramment utilisée pour le poids des métaux précieux. Vient de l'Empire romain, où l'uncia était égale au douzième de la livre romaine, soit environ 27,25 g. Once
25%
Unité de mesure de volume, valant un mètre cube, utilisée pour mesurer les volumes de stockage de bois de chauffage ou de charpente. Stère
25%
Équivalent de 1 852 mètres dans la navigation maritime et aérienne (en français). Mille nautique
21%
Unité de vitesse de 1 609,344 mètres par heure (en français). Ex : 100 mph = 160 km/h Mille par heure
18%
Unité de mesure de la longueur encore utilisée aux États-Unis, définie comme exactement 0,9144 mètre depuis 1959. Verge en français. Yard
18%
Unité de longueur utilisée dans la Grèce antique. On en distingue principalement trois : olympique (longueur de 190 m au VIIe siècle av. J.-C.), égyptien (longueur de 158 m au IVe siècle av. J.-C. après la conquête de l'Égypte par Alexandre le Grand) et huit-au-mille (longueur de 185 m au Ier siècle av. J.-C. après la conquête romaine de la Grèce). Stade
14%
Aucun quiz correspondant
Distribution des résultats
% des personnes avec chaque résultat
Percentile par nombre de réponses
Votre historique - résultats
Vous n’avez pas pris ce quiz depuis la dernière actualisation